000 00397nam a22001577a 4500
003 SISC
005 20160307134634.0
008 130905t xxu||||| |||| 00| 0 eng d
020 _a8125908528
050 _aPN 4120
_b.F198 2001
245 _aFamous faces famous speeches :
260 _aNew Delhi;
_bvikas Pub;
_cc2001.
300 _a379 p. :
_bill. :
_c22 cm.
942 _2lcc
_cBK
999 _c10427
_d10427